000 01940nam0a2200373 i 4500
001 RU\NLR\bibl\1993460
005 20260406022143.0
010 _a9785209043591
_9500
021 _aRU
_b2012-103190
_97602
035 _a(nilc)RuMoRGB-006515143
035 _a(NLR Aleph) 001981940
090 _a4102933
_c4102933
100 _a20130121d2012 u y0rusy50 ca
101 0 _aspa
_arus
102 _aRU
105 _ay |||||||||
200 1 _aИспанский язык профессионально-деловой коммуникации в сфере АПК
_dEl Español de los negocios en la esfera agroindustrial
_eучебное пособие
_e[для студентов аграрных специальностей]
_fЕ. А. Нотина, Л. В. Коваленко
_zspa
210 _aМосква
_cРоссийский университет дружбы народов
_d2012
215 _a268, [1] с.
_d20
320 _aБиблиогр.: с. 266 (12 назв.)
510 1 _6z11790
_aEspañol de los negocios en la esfera agroindustrial
_zspa
606 1 _aИспанский язык
_xУчебные издания для сельскохозяйственных специальностей
_92151300
_3RU\NLR\auth\661600273
686 _aШ147.21-93рус328.9
700 1 _4070
_8rus
_7ca
_aНотина
_bЕ. А.
_gЕлена Александровна
_3RU\NLR\auth\77123709
_9106634
701 1 _4070
_8rus
_7ca
_aКоваленко
_bЛ. В.
_gЛариса Валентиновна
_3RU\NLR\auth\77123710
_9106635
790 1 _4070
_8rus
_7ba
_aNotina
_bE. A.
_gElena Aleksandrovna
_3RU\NLR\auth\77123711
_9106636
790 1 _4070
_8rus
_7ba
_aKovalenko
_bL. V.
_gLarisa Valentinovna
_3RU\NLR\auth\77123712
_9106637
801 0 _aRU
_bRuMoRKP
_c20130121
_gRCR
801 2 _aRU
_bРГБ
_c20130204
_grcr
801 1 _aRU
_bRuMoRKP
_c20130121
_2rusmarc
801 2 _aRU
_bNLR
_c20130130
_grcr
942 _cBOOK
980 _aNBR